The last book in the universe / (Record no. 4037)

MARC details
000 -LEADER
fixed length control field 00864nam a22002657a 4500
001 - CONTROL NUMBER
control field 4037
003 - CONTROL NUMBER IDENTIFIER
control field FISKH
005 - DATE AND TIME OF LATEST TRANSACTION
control field 20240603092054.0
008 - FIXED-LENGTH DATA ELEMENTS--GENERAL INFORMATION
fixed length control field 240603b cb ||||| |||| 00| 0 eng d
020 ## - INTERNATIONAL STANDARD BOOK NUMBER
International Standard Book Number 9780439087599
040 ## - CATALOGING SOURCE
Original cataloging agency FISKH
Language of cataloging eng
Transcribing agency FISKH
Modifying agency FISKH
050 ## - LIBRARY OF CONGRESS CALL NUMBER
Classification number PZ7.P52112
082 ## - DEWEY DECIMAL CLASSIFICATION NUMBER
Classification number 813.54
100 ## - MAIN ENTRY--PERSONAL NAME
Personal name Philbrick Rodman
Dates associated with a name 1951-
245 ## - TITLE STATEMENT
Title The last book in the universe /
Statement of responsibility, etc. Rodman Philbrick
260 ## - PUBLICATION, DISTRIBUTION, ETC.
Place of publication, distribution, etc. New York :
Name of publisher, distributor, etc. Blue Sky Press,
Date of publication, distribution, etc. 2000
300 ## - PHYSICAL DESCRIPTION
Extent 223 pages :
Dimensions 20 cm
505 ## - FORMATTED CONTENTS NOTE
Formatted contents note M<br/>
520 ## - SUMMARY, ETC.
Summary, etc. After an earthquake has destroyed much of the planet, an epileptic teenager nicknamed Spaz begins the heroic fight to bring human intelligence back to the Earth of a distant future.<br/>
521 8# - TARGET AUDIENCE NOTE
Target audience note 740<br/>
Source Lexile<br/>
521 8# - TARGET AUDIENCE NOTE
Target audience note M<br/>
Source Raz-Plus<br/>
700 ## - ADDED ENTRY--PERSONAL NAME
Personal name Rodman Philbrick
942 ## - ADDED ENTRY ELEMENTS (KOHA)
Source of classification or shelving scheme Dewey Decimal Classification
Koha item type Books
Suppress in OPAC No
Holdings
Withdrawn status Lost status Source of classification or shelving scheme Damaged status Not for loan Collection Home library Current library Shelving location Date acquired Total Checkouts Full call number Barcode Date last seen Copy number Price effective from Koha item type
    Dewey Decimal Classification     Fiction Footprints International School Library Network Toul Kork Campus Footprints International School Library Network Toul Kork Campus   06/03/2024   PHI PZ7.P52112 813.54 2024-0773 06/03/2024 1 06/03/2024 Books